00886nam a22001817a 4500003000400000005001700004008004100021040000900062100004000071245016000111260001700271502019700288650002800485650004000513700003700553710003700590856007700627OSt20151026133603.0130718s1992 sp ||||| |||| 00| 0 spa d cCDMR1 aAnsuátegui Roig, Francisco Javier10aOrígenes doctrinales de la libertad de expresióncFrancisco Javier Ansuátegui Roig ; Gregorio Peces-Barba Martínez(director)h[recurs electrònic] aMadridc1992 aTesi defensada el 19 de setembre de 1992, cUniversidad Carlos III de Madrid. Departamento de Derecho Público y Filosofía del Derecho. Área de Filosofía del Derecho, Moral y Política04aLlibertat d'expressió04aTesis i dissertacions acadèmiques1 aPeces-Barba Martínez, Gregorio2 aUniversidad Carlos III de Madrid40uhttp://e-archivo.uc3m.es/handle/10016/15830yDisponible en línia (UC3)